书目信息 |
| 题名: |
现代水产养殖技术的创新研究与应用
|
|
| 作者: | 吕富 著 | |
| 分册: | ||
| 出版信息: | 成都 电子科技大学出版社 2017.12 |
|
| 页数: | 287页 | |
| 开本: | 26cm | |
| 丛书名: | ||
| 单 册: | ||
| 中图分类: | S96 | |
| 科图分类: | ||
| 主题词: | 水产养殖--技术革新--研究 | |
| 电子资源: | ||
| ISBN: | 978-7-5647-5392-4 | |
| 000 | 00908nam0 2200217 450 | |
| 001 | 5535 | |
| 005 | 20181016105545.17 | |
| 010 | @a978-7-5647-5392-4@dCNY65.00 | |
| 100 | @a20180819d2017 em y0chiy50 ea | |
| 101 | 0 | @achi |
| 102 | @aCN@b510000 | |
| 105 | @aa z 000yy | |
| 200 | 1 | @a现代水产养殖技术的创新研究与应用@9xian dai shui chan yang zhi ji shu de chuang xin yan jiu yu ying yong@f吕富著 |
| 210 | @a成都@c电子科技大学出版社@d2017.12 | |
| 215 | @a287页@c图@d26cm | |
| 330 | @a本书内容包括:现代水产养殖概述、现代水产养殖技术中的水质和管理、现代水产养殖模式的创新研究、现代水产养殖关键技术的研究与应用、现代藻类养殖技术创新研究、现代鱼类养殖技术创新研究、现代贝类养殖技术创新研究、现代水产养殖结构的优化、我国“互联网+水产养殖”发展现状与路径。 | |
| 606 | 0 | @a水产养殖@x技术革新@x研究 |
| 690 | @aS96@v5 | |
| 701 | 0 | @a吕富@9lü fu@4著 |
| 801 | 0 | @aCN@b91MARC@c20180819 |
| 905 | @aMuseLib@dS96@e58 | |
| 现代水产养殖技术的创新研究与应用/吕富著.-成都:电子科技大学出版社,2017.12 |
| 287页:图;26cm |
| ISBN 978-7-5647-5392-4:CNY65.00 |
| 本书内容包括:现代水产养殖概述、现代水产养殖技术中的水质和管理、现代水产养殖模式的创新研究、现代水产养殖关键技术的研究与应用、现代藻类养殖技术创新研究、现代鱼类养殖技术创新研究、现代贝类养殖技术创新研究、现代水产养殖结构的优化、我国“互联网+水产养殖”发展现状与路径。 |
| ● |
| 相关链接 |
|
|
|
|
正题名:现代水产养殖技术的创新研究与应用
索取号:S96/58
 
预约/预借
| 序号 | 登录号 | 条形码 | 馆藏地/架位号 | 状态 | 备注 |
| 1 | 1130185 | 211301857 | 第二样本阅览室/ [索取号:S96/58] | 在馆 | |
| 2 | 1130186 | 211301866 | 第三借阅区/ [索取号:S96/58] | 在馆 | |
| 3 | 1130187 | 211301875 | 第三借阅区/ [索取号:S96/58] | 在馆 | |
| 4 | 1130188 | 211301884 | 第三借阅区/ [索取号:S96/58] | 在馆 | |
| 5 | 1130189 | 211301893 | 密集书库-生命科学系/ [索取号:S96/58] | 在馆 |